<?xml version="1.0" encoding="UTF-8"?>
<collection xmlns="http://www.loc.gov/MARC21/slim">
 <record>
  <leader>01393nam a22002177a 4500</leader>
  <controlfield tag="001">NCT_150978</controlfield>
  <controlfield tag="008">230605b        xxu||||| |||| 00| 0 vie d</controlfield>
  <datafield tag="999" ind1=" " ind2=" ">
   <subfield code="c">7804</subfield>
   <subfield code="d">7804</subfield>
  </datafield>
  <datafield tag="020" ind1=" " ind2=" ">
   <subfield code="a">9786043457704</subfield>
   <subfield code="c">209000</subfield>
  </datafield>
  <datafield tag="082" ind1="0" ind2="4">
   <subfield code="2">23rd ed.</subfield>
   <subfield code="a">303.49</subfield>
   <subfield code="b">G958</subfield>
  </datafield>
  <datafield tag="100" ind1="1" ind2=" ">
   <subfield code="a">Guillén, Mauro .F </subfield>
  </datafield>
  <datafield tag="245" ind1="1" ind2="0">
   <subfield code="a">2030 những xu hướng sẽ định hình thế giới tương lai</subfield>
   <subfield code="b">= 2030 how today's biggest  trends will collide and reshape the future of everything</subfield>
   <subfield code="c">Mauro F. Guillén; Võ Kiều Linh (Dịch)</subfield>
  </datafield>
  <datafield tag="250" ind1=" " ind2=" ">
   <subfield code="a">Tái bản lần 2</subfield>
  </datafield>
  <datafield tag="260" ind1=" " ind2=" ">
   <subfield code="a">H. </subfield>
   <subfield code="b">Thế giới</subfield>
   <subfield code="c">2022</subfield>
  </datafield>
  <datafield tag="300" ind1=" " ind2=" ">
   <subfield code="a">357 tr.</subfield>
   <subfield code="c">24cm </subfield>
  </datafield>
  <datafield tag="520" ind1="3" ind2=" ">
   <subfield code="a">Nội dung sách nói về lối sống, công việc, những thay đổi về chính trị và văn hóa đã diễn ra trên hành tinh của chúng ta trong quá khứ đã và lẽ ra phải gây ra những biến động lớn nhất trong lịch sử loài người...một cuốn sách thực sự hữu ích. Chúng ta sống kiên cường hơn trong thế giới mới này</subfield>
  </datafield>
  <datafield tag="653" ind1=" " ind2=" ">
   <subfield code="a">Tham khảo</subfield>
  </datafield>
  <datafield tag="700" ind1="1" ind2=" ">
   <subfield code="a">Võ Kiều Linh</subfield>
   <subfield code="e">Dịch </subfield>
  </datafield>
  <datafield tag="942" ind1=" " ind2=" ">
   <subfield code="2">ddc</subfield>
   <subfield code="c">BK</subfield>
  </datafield>
  <datafield tag="952" ind1=" " ind2=" ">
   <subfield code="0">0</subfield>
   <subfield code="1">0</subfield>
   <subfield code="2">ddc</subfield>
   <subfield code="4">0</subfield>
   <subfield code="6">303_490000000000000_G958</subfield>
   <subfield code="7">0</subfield>
   <subfield code="9">27793</subfield>
   <subfield code="a">000001</subfield>
   <subfield code="b">000001</subfield>
   <subfield code="d">2023-06-05</subfield>
   <subfield code="o">303.49 G958</subfield>
   <subfield code="p">TK.03398</subfield>
   <subfield code="r">2023-06-05</subfield>
   <subfield code="v">209000.00</subfield>
   <subfield code="w">2023-06-05</subfield>
   <subfield code="y">BK</subfield>
  </datafield>
  <datafield tag="980" ind1=" " ind2=" ">
   <subfield code="a">Thư viện Trường Đại học Nam Cần Thơ</subfield>
  </datafield>
 </record>
</collection>
